1290 1380 1778 1197 1987 1883 1744 1797 1845 1666 1368 1650 1581 1954 1775 1053 1643 1562 1309 1908 1161 1413 1262 1972 1187 1843 1664 1700 1882 1416 1943 1722 1904 1005 1042 1510 1703 1109 1133 1070 1719 1877 1406 1627 1230 1944 1513 1758 1949 1631 1676 1195 1063 1343 1385 1518 1327 1486 1971 1019 1155 1372 1629 1085 1893 1569 1857 1946 1068 1117 1703 1557 1028 1762 1155 1199 1746 1980 1702 1953 1782 1162 1286 1559 1397 1808 1310 1128 1407 1339 1672 1873 1110 1793 1918 1407 1266 1338 1678 BCNSPRNW ULIB Ver.6.0+V

เปลี่ยนเป็นภาษาไทย

Change to English
 แสดงรายละเอียดบรรณานุกรม
  กลับหน้าหลัก

Brief Record : Get Marc (ISO 2709) : E-mail record : QR code < ปิดหน้าต่าง
LEADER : 00000nam 2200000uu 4500
001    13399108242
003     ULIB
008    110223s2553||||th 000 0 tha d
020    9789742979843
060 04 WC503.1^bน927 2553
245 00 แนวทางการตรวจวินิจฉัยและการดูแลรักษาผู้ติดเชื้อเอชไอวีและผู้ป่วยเอดส์ ระดับชาติ ปี พ.ศ. 2553 =^bNational guidelines on HIV/AIDS diagnosis and treatment : Thailand 2010 /^cประพันธ์ ภานุภาค...[และคนอื่นๆ] , บรรณาธิการและเรียบเรียงเนื้อหา
246 31 National guidelines on HIV/AIDS diagnosis and treatment :^bThailand 2010
250    พิมพ์ครั้งที่ 1
260    กรุงเทพฯ :^bโรงพิมพ์ชุมนุมชนสหกรณ์การเกษตรแห่งประเทศไทย,^c2553
300    480 หน้า ;^c21 ซม.
650  7 โรคเอดส์^xผู้ป่วย
650  7 ผู้ติดเชื้อเอชไอวี^xการดูแล
650  7 เอชไอวี, การติดเชื้อ
650  7 กลุ่มอาการภูมิคุ้มกันเสื่อม
700    ประพันธ์ ภานุภาค
710 2  กรมควบคุมโรค
710 2ศ ูนย์พัฒนาระบบบริการยาต้านไวรัสสำหรับผู้ติดเชื้อเอชไอวีและผู้ป่วยเอดส์ในประเทศไทย
945    ^p0^l0^i029754
945    ^p0^l0^i029752
945    ^p0^l0^i029750
945    ^p0^l0^i029748
945    ^p0^l0^i029746
945    ^p0^l0^i029744
945    ^p0^l0^i029742
945    ^p0^l0^i029741
945    ^p0^l0^i029740
945    ^p0^l0^i029753
945    ^p0^l0^i029751
945    ^p0^l0^i029749
945    ^p0^l0^i029747
945    ^p0^l0^i029745
945    ^p0^l0^i029743
995    เกษร
999 ^a ใช้งานได้ทุกระบบ
รายการนี้ยังไม่มีแท็ก
คุณยังไม่ได้ล็อกอิน คุณสามารถมีกิจกรรมร่วมกับเว็บไซต์ได้ แต่ต้องล็อกอินก่อน ::
  ล็อกอิน

รายการสื่อสารสนเทศ

ลำดับที่ ประเภท เลขเรียก/บาร์โค้ด สถานที่ สถานะ
1. วิทยาศาสตร์การแพทย์ และสุขภาพ
หนังสือสำรอง
สถานะ=หนังสือสำรอง
WC503.1 น927 2553 ฉ.1 
  Barcode: 029740
ห้องสมุดวิทยาเขตสวรรค์ประชารักษ์
►ส่วนจัดเก็บหนังสือเก่า สปร
บนชั้น
  ขอยืม
2. วิทยาศาสตร์การแพทย์ และสุขภาพ
วิทยาศาสตร์การแพทย์ และสุขภาพ
WC503.1 น927 2553 ฉ.10 
  Barcode: 029749
ห้องสมุดวิทยาเขตสวรรค์ประชารักษ์
►ส่วนจัดเก็บหนังสือเก่า สปร
บนชั้น
  ขอยืม
3. วิทยาศาสตร์การแพทย์ และสุขภาพ
วิทยาศาสตร์การแพทย์ และสุขภาพ
WC503.1 น927 2553 ฉ.11 
  Barcode: 029750
ห้องสมุดวิทยาเขตสวรรค์ประชารักษ์
►ส่วนจัดเก็บหนังสือเก่า สปร
บนชั้น
  ขอยืม
4. วิทยาศาสตร์การแพทย์ และสุขภาพ
วิทยาศาสตร์การแพทย์ และสุขภาพ
WC503.1 น927 2553 ฉ.12 
  Barcode: 029751
ห้องสมุดวิทยาเขตสวรรค์ประชารักษ์
►ส่วนจัดเก็บหนังสือเก่า สปร
บนชั้น
  ขอยืม
5. วิทยาศาสตร์การแพทย์ และสุขภาพ
วิทยาศาสตร์การแพทย์ และสุขภาพ
WC503.1 น927 2553 ฉ.13 
  Barcode: 029752
ห้องสมุดวิทยาเขตสวรรค์ประชารักษ์
►ส่วนจัดเก็บหนังสือเก่า สปร
บนชั้น
  ขอยืม
6. วิทยาศาสตร์การแพทย์ และสุขภาพ
วิทยาศาสตร์การแพทย์ และสุขภาพ
WC503.1 น927 2553 ฉ.14 
  Barcode: 029753
ห้องสมุดวิทยาเขตสวรรค์ประชารักษ์
►ส่วนจัดเก็บหนังสือเก่า สปร
บนชั้น
  ขอยืม
7. วิทยาศาสตร์การแพทย์ และสุขภาพ
วิทยาศาสตร์การแพทย์ และสุขภาพ
WC503.1 น927 2553 ฉ.15 
  Barcode: 029754
ห้องสมุดวิทยาเขตสวรรค์ประชารักษ์
►ส่วนจัดเก็บหนังสือเก่า สปร
บนชั้น
  ขอยืม
8. วิทยาศาสตร์การแพทย์ และสุขภาพ
วิทยาศาสตร์การแพทย์ และสุขภาพ
WC503.1 น927 2553 ฉ.2 
  Barcode: 029741
ห้องสมุดวิทยาเขตสวรรค์ประชารักษ์
►ส่วนจัดเก็บหนังสือเก่า สปร
บนชั้น
  ขอยืม
9. วิทยาศาสตร์การแพทย์ และสุขภาพ
วิทยาศาสตร์การแพทย์ และสุขภาพ
WC503.1 น927 2553 ฉ.3 
  Barcode: 029742
ห้องสมุดวิทยาเขตสวรรค์ประชารักษ์
►ส่วนจัดเก็บหนังสือเก่า สปร
บนชั้น
  ขอยืม
10. วิทยาศาสตร์การแพทย์ และสุขภาพ
วิทยาศาสตร์การแพทย์ และสุขภาพ
WC503.1 น927 2553 ฉ.4 
  Barcode: 029743
ห้องสมุดวิทยาเขตสวรรค์ประชารักษ์
►ส่วนจัดเก็บหนังสือเก่า สปร
บนชั้น
  ขอยืม
11. วิทยาศาสตร์การแพทย์ และสุขภาพ
วิทยาศาสตร์การแพทย์ และสุขภาพ
WC503.1 น927 2553 ฉ.5 
  Barcode: 029744
ห้องสมุดวิทยาเขตสวรรค์ประชารักษ์
►ส่วนจัดเก็บหนังสือเก่า สปร
บนชั้น
  ขอยืม
12. วิทยาศาสตร์การแพทย์ และสุขภาพ
วิทยาศาสตร์การแพทย์ และสุขภาพ
WC503.1 น927 2553 ฉ.6 
  Barcode: 029745
ห้องสมุดวิทยาเขตสวรรค์ประชารักษ์
►ส่วนจัดเก็บหนังสือเก่า สปร
บนชั้น
  ขอยืม
13. วิทยาศาสตร์การแพทย์ และสุขภาพ
วิทยาศาสตร์การแพทย์ และสุขภาพ
WC503.1 น927 2553 ฉ.7 
  Barcode: 029746
ห้องสมุดวิทยาเขตสวรรค์ประชารักษ์
►ส่วนจัดเก็บหนังสือเก่า สปร
บนชั้น
  ขอยืม
14. วิทยาศาสตร์การแพทย์ และสุขภาพ
วิทยาศาสตร์การแพทย์ และสุขภาพ
WC503.1 น927 2553 ฉ.8 
  Barcode: 029747
ห้องสมุดวิทยาเขตสวรรค์ประชารักษ์
►ส่วนจัดเก็บหนังสือเก่า สปร
บนชั้น
  ขอยืม
15. วิทยาศาสตร์การแพทย์ และสุขภาพ
วิทยาศาสตร์การแพทย์ และสุขภาพ
WC503.1 น927 2553 ฉ.9 
  Barcode: 029748
ห้องสมุดวิทยาเขตสวรรค์ประชารักษ์
►ส่วนจัดเก็บหนังสือเก่า สปร
บนชั้น
  ขอยืม

รายการใกล้เคียง
    หัวเรื่อง [เอชไอวี, การติดเชื้อ]
    หัวเรื่อง [กลุ่มอาการภูมิคุ้มกันเสื่อม]

BibComment


ยังไม่เคยถูกคอมเมนท์

คอมเมนท์ทรัพยากรรายการนี้
  คอมเมนท์: แนวทางการตรวจวินิ..


 Copyright 2026. Bcnsprnw @Library